000 00476nam a2200181Ia 4500
005 20250326125938.0
008 250326s9999 xx 000 0 und d
037 _aTextbook
040 _aFMSL
_beng
_cFMSL
041 _aeng
_2eng
084 _aX:8 N3
_qFMSL
100 _aBain J S
245 0 _aPricing distribution & empolyment
_cBain J S
260 _aCalcutta
_bCalcutta, World
_c1953
300 _a733p
942 _cTB
_hX:8 N3
999 _c1280289
_d1280289